Introducción histórica al derecho civil francés e inglés / (Record no. 15938)
[ view plain ]
| 000 -LEADER | |
|---|---|
| campo de control de longitud fija | 01406nam a2200277 i 4500 |
| 001 - NÚMERO DE CONTROL | |
| campo de control | 15938 |
| 003 - IDENTIFICADOR DE NÚMERO DE CONTROL | |
| campo de control | ES-MaACL |
| 005 - FECHA Y HORA DE LA ÚLTIMA TRANSACCIÓN | |
| campo de control | 20230906151212.0 |
| 007 - CAMPO FIJO DE DESCRIPCIÓN FÍSICA--INFORMACIÓN GENERAL | |
| campo de control de longitud fija | t| |
| 008 - DATOS DE LONGITUD FIJA--INFORMACIÓN GENERAL | |
| campo de control de longitud fija | 000525s2000 sp |||| | spa d |
| 020 ## - NÚMERO INTERNACIONAL ESTÁNDAR DEL LIBRO | |
| Número Internacional Estándar del Libro | 84-921168-6-2 |
| 080 ## - NÚMERO DE LA CLASIFICACIÓN DECIMAL UNIVERSAL | |
| Número de la Clasificación Decimal Universal | 347(44) |
| 080 ## - NÚMERO DE LA CLASIFICACIÓN DECIMAL UNIVERSAL | |
| Número de la Clasificación Decimal Universal | 347(410) |
| 100 1# - ENTRADA PRINCIPAL--NOMBRE DE PERSONA | |
| Nombre de persona | Poncelet, François Frédéric. |
| 9 (RLIN) | 92958 |
| 245 10 - MENCIÓN DEL TÍTULO | |
| Título | Introducción histórica al derecho civil francés e inglés / |
| Mención de responsabilidad, etc. | François Frédéric Poncelet, William Amos Scarborough Westoby ; traducciones y prólogo a cargo de Eduardo Pardo Unanua ; edición, revisión de la traducción y notas adicionales a cargo de María Encarnación Gómez Rojo. |
| 260 ## - PUBLICACIÓN, DISTRIBUCIÓN, ETC. | |
| Lugar de publicación, distribución, etc. | [Málaga] : |
| Nombre del editor, distribuidor, etc. | Cátedra de Historia del Derecho y de las Instituciones de la Facultad de Derecho de la Universidad de Málaga, |
| Fecha de publicación, distribución, etc. | [2000] |
| 300 ## - DESCRIPCIÓN FÍSICA | |
| Extensión | 185 p. ; |
| Dimensiones | 22 cm. |
| 505 0# - NOTA DE CONTENIDO CON FORMATO | |
| Nota de contenido con formato | Compendio de historia del derecho civil en Francia / François Frédéric Poncelet. Resumen de legislación inglesa en materia civil / William Amos Scarborough Westoby |
| 650 ## - PUNTO DE ACCESO ADICIONAL DE MATERIA--TÉRMINO DE MATERIA | |
| Término de materia o nombre geográfico como elemento de entrada | Derecho civil- |
| Subdivisión geográfica | Francia- |
| Subdivisión de forma | Historia. |
| 9 (RLIN) | 11666 |
| 650 14 - PUNTO DE ACCESO ADICIONAL DE MATERIA--TÉRMINO DE MATERIA | |
| Término de materia o nombre geográfico como elemento de entrada | Derecho civil- |
| Subdivisión geográfica | Gran Bretaña. |
| 9 (RLIN) | 11668 |
| 700 1# - ENTRADA AGREGADA--NOMBRE PERSONAL | |
| Nombre de persona | Westoby, William Amos Scarborough. |
| 9 (RLIN) | 116575 |
| 700 1# - ENTRADA AGREGADA--NOMBRE PERSONAL | |
| Nombre de persona | Pardo Unanua, Eduardo. |
| 9 (RLIN) | 89014 |
| 700 1# - ENTRADA AGREGADA--NOMBRE PERSONAL | |
| Nombre de persona | Gómez Rojo, María E. |
| 9 (RLIN) | 58143 |
| 710 2# - ENTRADA AGREGADA--NOMBRE DE ENTIDAD CORPORATIVA | |
| Nombre de entidad corporativa o nombre de jurisdicción como elemento de entrada | Universidad de Málaga. |
| Unidad subordinada | Cátedra de Historia del Derecho y de las Instituciones. |
| 9 (RLIN) | 162592 |
| 852 ## - LOCALIZACIÓN | |
| Ubicación | ES-MaACL |
| Número de control de estantería | L-22876 |
| Estatus retirado | Estado de pérdida | Estado de daño | No para préstamo | Biblioteca de origen | Biblioteca actual | Ubicación en estantería | Fecha de adquisición | Fuente de adquisición | Total de préstamos | Signatura topográfica completa | Código de barras | Visto por última vez | Precio de reemplazo | Tipo de ítem Koha |
|---|---|---|---|---|---|---|---|---|---|---|---|---|---|---|
| Biblioteca del Ateneo de Madrid | Biblioteca del Ateneo de Madrid | Depósito 2 | 17/01/2008 | L-22876 | 1016199 | 23/02/2023 | 23/02/2023 | Libro impreso |
